| 000 | 00480nam a2200181Ia 4500 | ||
|---|---|---|---|
| 003 | GCL | ||
| 008 | 140319s9999 xx 000 0 eng d | ||
| 040 |
_aGCL / _cGCL |
||
| 082 | 0 | 4 |
_a616.8917 _bH C |
| 100 | 1 | _aHAMED, HELMY A. | |
| 245 | 1 | 0 |
_aCLINICAL PSYCHIATRY: DIAGNOSIS AND THERAPY / _cHAMED, HELMY A. |
| 260 |
_a[S.N] : _bNUBOR PRINTING HOUSE ، _c1994 |
||
| 300 | _a472 P. | ||
| 650 | 0 | 4 | _aPSYCHIATRY |
| 650 | 0 | 4 | _aPSYCHOTHERAPY |
| 650 | 0 | 4 | _aDIAGNOSIS |
| 942 |
_2ddc _cBK |
||
| 999 |
_c14806 _d14806 |
||